| 000 | 00461nam a2200193Ia 4500 | ||
|---|---|---|---|
| 008 | 170918s9999 xx 000 0 und d | ||
| 020 | _a9780545206761 | ||
| 050 | _bD746 2008 | ||
| 100 | _aDowell, Frances O. | ||
| 245 | _aShooting the moon / | ||
| 245 | _cFrances O'Roak Dowell. | ||
| 260 | _aNew York : | ||
| 260 | _bScholastic, | ||
| 260 | _c2008 | ||
| 300 | _a163 pages : | ||
| 300 | _bcolored illustration ; | ||
| 300 | _c19cm. | ||
| 500 | _a890 | ||
| 999 |
_c342085 _d342085 |
||